John Ford Filmographie - Statistiques

Statistiques générales
  • Ce quiz a été pris 25 fois
  • Le résultat moyen est 27 sur 135
Statistiques - réponses
Hint Réponse % Correct
1956 La Prisonnière du désert
100%
1962 L'Homme qui tua Liberty Valance
87%
1941 Qu'elle était verte ma vallée
87%
1949 La Charge héroïque
80%
1940 Les Raisins de la colère
80%
1952 L'Homme tranquille
80%
1939 La Chevauchée fantastique
73%
1946 La Poursuite infernale
73%
1964 Les Cheyennes
73%
1948 Le Massacre de Fort Apache
67%
1939 Sur la piste des Mohawks
67%
1963 La Taverne de l'Irlandais
60%
1959 Les Cavaliers
60%
1950 Rio Grande
60%
1939 Vers sa destinée
60%
1935 Le Mouchard
53%
1961 Les Deux Cavaliers
53%
1936 Je n'ai pas tué Lincoln
47%
1958 La Dernière Fanfare
47%
1941 La Route au tabac
47%
1924 Le Cheval de fer
47%
1948 Le Fils du désert
47%
1960 Le Sergent noir
47%
1953 Mogambo
47%
1966 Frontière chinoise
40%
1934 La Patrouille perdue
40%
1936 Marie Stuart
40%
1945 Les Sacrifiés
33%
1947 Dieu est mort
27%
1934 Judge Priest
27%
1962 La Conquête de l'Ouest
27%
1950 Le Convoi des braves
27%
1940 Les Hommes de la mer
27%
1953 Le soleil brille pour tout le monde
27%
1938 Quatre hommes et une prière
27%
1935 Steamboat Round the Bend
27%
1930 Up the River
27%
1933 Deux femmes
20%
1942 La Bataille de Midway
20%
1937 The Hurricane
20%
1926 Trois sublimes canailles
20%
1955 Ce n'est qu'un au revoir
13%
1943 December 7th
13%
1952 Deux Durs à cuire
13%
1918 Du sang dans la prairie
13%
1955 Permission jusqu'à l'aube
13%
1951 This Is Korea!
13%
1935 Toute la ville en parle
13%
1921 Action
7%
1919 À la frontière
7%
1917 À l'assaut du boulevard
7%
1917 A Marked Man
7%
1931 Arrowsmith
7%
1919 Black Billy au Canada
7%
1930 Born Reckless
7%
1919 By Indian Post
7%
1923 Cameo Kirby
7%
1976 Chesty: A Tribute to a Legend
7%
1917 Cheyenne's Pal
7%
1933 Doctor Bull
7%
1925 Extra Dry
7%
1921 Face à Face
7%
1926 Gagnant quand même
7%
1919 Gun Law
7%
1930 Hommes sans femmes
7%
1958 Inspecteur de service
7%
1921 Jackie
7%
1918 La Femme sauvage
7%
1925 La Fille de Négofol
7%
1926 L'Aigle bleu
7%
1957 L'aigle vole au soleil
7%
1928 La Maison du bourreau
7%
1937 La Mascotte du régiment
7%
1918 La Tache de sang
7%
1923 La Tornade
7%
1919 La Vengeance de Black Billy
7%
1918 Le Bébé du cow-boy
7%
1918 Le Cavalier fantôme
7%
1925 Le Champion
7%
1931 Le Corsaire de l'Atlantique
7%
1929 Le Costaud
7%
1922 Le Forgeron du village
7%
1922 Le Foyer qui s'éteint
7%
1918 Le Frère de Black Billy
7%
1965 Le Jeune Cassidy
7%
1934 Le Monde en marche
7%
1923 Le Pionnier de la baie d'Hudson
7%
1919 Le Proscrit
7%
1917 Le Ranch Diavolo
7%
1919 Le Roi de la prairie
7%
1924 Les Cœurs de chêne
7%
1919 Le Serment de Black Billy
7%
1919 Les Hommes marqués
7%
1928 Les Quatre Fils
7%
1923 L'Image aimée
7%
1917 L'Inconnu
7%
1922 Little Miss Smiles
7%
1920 L'Obstacle
7%
1928 Maman de mon cœur
7%
1928 Napoleon's barber
7%
1938 Patrouille en mer
7%
1950 Planqué malgré lui
7%
1920 Pour la sauver
7%
1917 Pour son gosse
7%
1957 Quand se lève la lune
7%
1936 Révolte à Dublin
7%
1928 Riley the Cop
7%
1929 Salute
7%
1925 Sa nièce de Paris
7%
1919 Sans armes
7%
1921 Sure Fire
7%
1919 | 1932 Tête brûlée
7%
1929 The Black Watch
7%
1931 The Brat
7%
1919 The Fighting Brothers
7%
1921 The Freeze-Out
7%
1920 The Girl in Number 29
7%
1919 The Gun Packer
7%
1919 The Last Outlaw
7%
1920 The Prince of Avenue A
7%
1919 The Rustlers
7%
1917 The Scrapper
7%
1917 The tornado
7%
1921 The Wallop
7%
1918 Thieves' Gold
7%
1923 Three Jumps Ahead
7%
1932 Une femme survint
7%
1921 Un homme libre
7%
1927 Upstream
7%
1959 Korea: Battleground for Liberty
0%
1949 L'Héritage de la chair
0%
1918 The Craving
0%
1917 The Trail of Hate
0%
1943 We Sail at Midnight
0%
Aucun quiz correspondant
Distribution des résultats
% des personnes avec chaque résultat
Percentile par nombre de réponses
Votre historique - résultats
Vous n’avez pas pris ce quiz